Sysdata und Bürotechnik Erweiterte Management-Ausgabe

Saved in:
Bibliographic Details
Format: Serial
Language:German
Published: Laufenburg Binkert 1979
Tags: Add Tag
No Tags, Be the first to tag this record!

MARC

LEADER 00000nas2a22000001 4500
001 0021316
005 20250730114413.4
041 0 |a ger 
044 |a CH 
245 1 0 |a Sysdata und Bürotechnik  |b Erweiterte Management-Ausgabe 
264 1 |a Laufenburg  |b Binkert  |c 1979 
300 |a 1 zv. 
773 0 |w eu_un_cat*s123645